000 00489nam a2200169Ia 4500
003 OSt
005 20200810145507.0
008 190216s9999||||xx |||||||||||||| ||und||
020 _a8170350301
040 _coclc
082 _a300.72
_bRED/R
100 _aReddy, C R
_94030
245 0 _aResearch Methodology In Social Sciences /
_cC R Reddy
260 _bDaya Publishing House,
_c1987.
_aDelhi:
300 _a212p
942 _cBK
_2ddc
_h300.72
_iRED/R
_k300.72
_mRED/R
999 _c20431
_d20431